[Event "Heusenstamm Sparkassen op U14 9th"]
[White "Filis, Leon"]
[Black "Vasudevan, Krish"]
[Site "Heusenstamm"]
[Round "6"]
[Result "0-1"]
[Date "2023.11.26"]
[WhiteElo "1205"]
[BlackElo "1055"]
[PlyCount "126"]
[EventDate "2023.11.24"]
[EventType "swiss"]
[EventRounds "7"]
[EventCountry "GER"]
[SourceTitle "EXT 2025"]
[Source "ChessBase"]
[SourceDate "2024.10.14"]
[SourceVersion "1"]
[SourceVersionDate "2024.10.14"]
[SourceQuality "1"]

1. d4 g6 2. Nc3 Bg7 3. e4 e6 4. Bf4 Ne7 5. Qd2 d5 6. e5 Nbc6 7. 0-0-0 a5 8. Bh6 0-0 9. h4 Nf5 10. Bxg7 Kxg7 11. Nf3 Rb8 12. g4 Nh6 13. Qf4 f5 14. gxf5 Rxf5 15. Qg3 Bd7 16. h5 Be8 17. hxg6 Bxg6 18. Bd3 Rf8 19. Rhg1 Ne7 20. Nh4 Qe8 21. Bxg6 Nxg6 22. Nxg6 hxg6 23. Rg2 Rh8 24. Rh1 Qf7 25. Qg5 Qf5 26. Qxf5 Nxf5 27. Rxh8 Rxh8 28. Ne2 Nh4 29. Rh2 Nf3 30. Rxh8 Kxh8 31. c3 g5 32. a3 a4 33. Nf4 Kh7 34. Nxe6 c6 35. Kd1 Kg6 36. Nc5 g4 37. Ke2 Ng1+ 38. Ke3 Nh3 39. Nd3 Kf5 40. f3 g3 41. Ne1 Nf4 42. Kd2 g2 43. Nxg2 Nxg2 44. Ke2 Nf4+ 45. Ke3 Ng2+ 46. Kf2 Nf4 47. Ke3 Ng6 48. Ke2 Ne7 49. Ke3 Nc8 50. Ke2 Nb6 51. Ke3 Nc4+ 52. Ke2 Nxb2 53. Ke3 Nc4+ 54. Ke2 Nxa3 55. Ke3 Nb1 56. Ke2 a3 57. Ke3 a2 58. Ke2 a1Q 59. Ke3 Qxc3+ 60. Ke2 Qd2+ 61. Kf1 Kf4 62. Kg1 Kg3 63. Kh1 Qh2# 0-1

[Event "Heusenstamm Sparkassen op U14 9th"]
[White "Nain, Medhansh"]
[Black "Vasudevan, Krish"]
[Site "Heusenstamm"]
[Round "2"]
[Result "1-0"]
[Date "2023.11.25"]
[WhiteElo "1283"]
[BlackElo "1055"]
[PlyCount "31"]
[EventDate "2023.11.24"]
[EventType "swiss"]
[EventRounds "7"]
[EventCountry "GER"]
[SourceTitle "EXT 2025"]
[Source "ChessBase"]
[SourceDate "2024.10.14"]
[SourceVersion "1"]
[SourceVersionDate "2024.10.14"]
[SourceQuality "1"]

1. c4 g6 2. d4 Bg7 3. Nc3 e6 4. e4 Ne7 5. Nf3 b6 6. Bg5 Bb7 7. e5 Nbc6 8. Bd3 0-0 9. Qd2 d6 10. exd6 Qxd6 11. Ne4 Qd7 12. Nf6+ Bxf6 13. Bxf6 Na5 14. g4 e5 15. Qh6 Nf5 16. gxf5 1-0